000 00691nam a22002537a 4500
003 UA-OsUOA
001 21312
007 ta
008 20031127b un ||||| |||| 00| 0 ukr d
100 _aФіцула М.М.
090 _a37.013(075.8)
_bФ66
942 _cBK
040 _aUA-OsUOA
_bukr
_cUA-OsUOA
_dUA-OsUOA
245 _aПедагогіка
_bПосібник для студентів вищих педагогічних закладів освіти
300 _a528 с.
955 _a0
041 _aukr
080 _a37.013(075.8)
020 _a966-8226-08-9
260 _aКиїв
_bАкадемвидав
_c2003
044 _aUA
650 7 _2UDC
999 _c307507
_d307507